She Hulk Attorney At Law Characters - Statistics

General Stats
  • This quiz has been taken 103 times
    44 since last reset
  • The average score is 19 of 38
Answer Stats
Hint Answer % Correct
Above’s superhero name She Hulk
100%
Lawyer Jennifer Walters
89%
Villain who fought She Hulk in court Titania
89%
Jen’s cousin Bruce Banner
86%
Above’s superhero name Daredevil
86%
Avenger Hulk
86%
Sorcerer Supreme Wong
86%
Above’s supervillain name Abomination
75%
Lawyer who defended Luke in court Matt Murdock
72%
Runs a retreat Emil Blonsky
69%
Hulk’s son Skaar
67%
Head of Marvel Studios who spoke with Jen K.E.V.I.N
61%
Rapper who Dennis thought he dated Megan Thee Stallion
58%
Ribbit and Rip It vigilante Leapfrog
56%
Jen’s ex-colleague who thought he dated Megan Thee Stallion Dennis Bukowski
53%
Magician who abused the Mystic Arts Donny Blaze
47%
Man who cannot die Mr Immortal
47%
Jen’s best friend Nikki Ramos
47%
Member of the Wrecking Crew who befriended Jen Wrecker
47%
Superhero clothing designer Luke Jacobson
44%
Woman who befriends Wong Madisynn King
44%
Jen’s mother Elaine Walters
42%
Jen’s father Morris Walters
42%
Man who wears a spiky suit Porcupine
42%
Destroys Jen’s car at Blonsky’s retreat Man-Bull
39%
Superhuman attorney who infiltrated the Intelligencia Augustus Pugliese
33%
Jen’s boss Holden Holliway
33%
Leader of the Intelligencia Todd Phelps
33%
Man Jen met at the wedding Josh Miller
31%
Superhuman attorney Mallory Book
28%
Above’s real name Mary MacPherran
28%
Alleged vampire Saracen
28%
Fights above Águila
25%
Jen’s annoying cousin Ched
25%
Above’s real name Eugene Patilio
25%
Shapeshifting elf Runa
22%
Emil’s parole officer Chuck Donelon
17%
Bride at the wedding Jen goes to Lulu
17%
No matching quizzes found
Score Distribution
Percent of People with Each Score
Percentile by Number Answered
Your Score History
You have not taken this quiz since the last reset